LEADER 00935nam0 2200277 450 001 000021114 005 20090107112645.0 010 $a88-386-0718-4 100 $a20090107d1996----km-y0itay50------ba 101 0 $aita 102 $aIT 105 $ay-------001yy 200 1 $aPascal$elaboratorio di programmazione$fGiuseppe Fiorentino ... [et al.] 210 $aMilano$cMcGraw-Hill libri Italia$d1996 215 $a332 p.$d24 cm 225 2 $aCollana di istruzione scientifica. Serie di informatica 410 0$12001$aCollana di istruzione scientifica. Serie di informatica 500 10$aPascal$960943 610 1 $aElaboratori elettronici$aLinguaggio Pascal 676 $a005.133$v20$9SPECIFICI LINGUAGGI DI PROGRAMMAZIONE 702 1$aFiorentino,$bGiuseppe 801 0$aIT$bUNIPARTHENOPE$c20090107$gRICA$2UNIMARC 912 $a000021114 951 $aM 005.133/2$bG 2$cDSA$d2008 996 $aPascal$960943 997 $aUNIPARTHENOPE